Höchste und niedrigste HNO-Arztdichten in Deutschland - Statistiken

Allgemein
  • Dieses Quiz wurde 17 mal gespielt
  • Das Durchschnittsergebnis liegt bei 10 aus 40
Antwortstatistiken
Arztdichte pro 100.000 Einwohner Landkreis/kreisfreie Stadt % Korrekt
8,02 Stadt München
79%
8,07 Stadt Lübeck
57%
1,84 Region Hannover
50%
9,10 Stadt Bonn
50%
7,78 Stadt Freiburg im Breisgau
50%
8,19 Stadt Rostock
50%
7,98 Stadt Bremerhaven
36%
7,64 Stadt Heilbronn
36%
10,69 Stadt Kassel
36%
7,71 Stadt Magdeburg
36%
7,89 Stadt Wiesbaden
36%
8,22 Stadt Würzburg
36%
2,70 Kreis Regensburg
29%
8,10 Stadt Halle (Saale)
29%
7,82 Stadt Osnabrück
29%
10,98 Stadt Regensburg
29%
8,46 Stadt Ulm
29%
8,10 Stadt Wolfsburg
29%
2,74 Kreis Bernkastel-Wittlich
14%
1,60 Kreis Cochem-Zell
14%
2,50 Kreis Kyffhäuserkreis
14%
2,77 Kreis Lahn-Dill-Kreis
14%
2,58 Kreis Lichtenfels
14%
2,20 Kreis Schwalm-Eder-Kreis
14%
1,98 Kreis Unterallgäu
14%
2,24 Kreis Wittenberg
14%
7,83 Stadt Cottbus
14%
9,42 Stadt Dessau-Roßlau
14%
1,98 Stadt Memmingen
14%
7,92 Stadt Mönchengladbach
14%
7,69 Stadt Pforzheim
14%
1,93 Kreis Altenkirchen (Westerwald)
7%
1,69 Kreis Enzkreis
7%
1,59 Kreis Germersheim
7%
1,18 Kreis Haßberge
7%
1,85 Kreis Hohenlohekreis
7%
1,57 Kreis Main-Spessart-Kreis
7%
2,12 Kreis Neckar-Odenwald-Kreis
7%
2,58 Kreis Saalekreis
7%
2,64 Kreis Wunsiedel im Fichtelgebirge
7%
Keine übereinstimmenden Quizze gefunden
Verteilung der Resultate
Anzahl Personen mit jedem Resultat
Perzentil nach korrekt beantworteten Fragen
Ihre Resultats-Entwicklung
Sie haben dieses Quiz noch nicht gespielt